| 000 | 00541nam a22001815i 4500 | ||
|---|---|---|---|
| 001 | 54491 | ||
| 003 | ES-MaACL | ||
| 005 | 20230906162949.0 | ||
| 007 | t| | ||
| 008 | 940202s1841 sp a ||||1| spa d | ||
| 040 |
_aAS _bspa |
||
| 100 | 1 |
_aFourier, Charles. _951964 |
|
| 245 | 1 | 0 | _aFourier, o sea Explanación del sistema Societario. |
| 260 |
_aBarcelona : _b[s.n.], _c1841 ( _fImprenta y litografía de J. Roger) |
||
| 300 |
_aXII, 410 p. [1] h. de lám. pleg. ; _c23 cm. |
||
| 650 | 4 |
_aFourierismo. _9149689 |
|
| 852 |
_aES-MaACL _jG-13592 |
||
| 999 |
_c54491 _d54491 |
||